Statistiken für TOP 20 Deutsche Fußball-Vereine (YouTube)

Klicken Sie hier um das Quiz zu spielen!

Allgemein

  • Dieses Quiz wurde 57 mal gespielt
  • Das Durchschnittsergebnis liegt bei 10 aus 20

Antwortstatistiken

#YT AbosFußball-Club% Korrekt
14 060 000FC Bayern München
98%
21 220 000Borussia Dortmund
88%
9126 000Hamburger SV
69%
8141 000RB Leipzig
69%
11104 0001. FC Köln
67%
3356 000Bayer 04 Leverkusen
63%
4224 000Borussia Mönchengladbach
62%
1368 000VfB Stuttgart
62%
6148 000SV Werder Bremen
56%
7147 000Eintracht Frankfurt
44%
10114 000Hertha BSC
42%
1547 0001. FC Union Berlin
40%
5213 000FC Schalke 04
40%
1284 000VfL Wolfsburg
40%
1841 0001. FC Kaiserslautern
33%
1646 0001. FC Nürnberg
31%
2029 000TSG 1899 Hoffenheim
31%
1454 000Dynamo Dresden
23%
1745 000Hannover 96
13%
1935 500Hansa Rostock
12%

Verteilung der Resultate

Perzentil nach korrekt beantworteten Fragen

Anzahl Personen mit jedem Resultat

Ihre Resultats-Entwicklung

Sie haben dieses Quiz noch nicht gespielt